evaluating the effecctiveness of the rice seed packaging on germination rate and storage period ( ការវាយតម្លៃប្រសិទ្ធភាពរបស់បរិក្ខាទុកដាក់គ្រាបពូជ ស្រូវលើអត្រាដំណុះ និងរយៈពេលទុកដាក់) (Record no. 1380)
[ view plain ]
| 000 -LEADER | |
|---|---|
| fixed length control field | 00712nam a22001577a 4500 |
| 003 - CONTROL NUMBER IDENTIFIER | |
| control field | OSt |
| 005 - DATE AND TIME OF LATEST TRANSACTION | |
| control field | 20150928091345.0 |
| 008 - FIXED-LENGTH DATA ELEMENTS--GENERAL INFORMATION | |
| fixed length control field | 150928b xxu||||| |||| 00| 0 eng d |
| 040 ## - CATALOGING SOURCE | |
| Transcribing agency | RUA |
| 082 ## - DEWEY DECIMAL CLASSIFICATION NUMBER | |
| Classification number | AGR PIC 2012 B053 Or.1 |
| 100 ## - MAIN ENTRY--PERSONAL NAME | |
| 9 (RLIN) | 1469 |
| Personal name | PICH, PUTHPANNHA. |
| 245 ## - TITLE STATEMENT | |
| Title | evaluating the effecctiveness of the rice seed packaging on germination rate and storage period ( ការវាយតម្លៃប្រសិទ្ធភាពរបស់បរិក្ខាទុកដាក់គ្រាបពូជ ស្រូវលើអត្រាដំណុះ និងរយៈពេលទុកដាក់) |
| 260 ## - PUBLICATION, DISTRIBUTION, ETC. (IMPRINT) | |
| Place of publication, distribution, etc. | Phnom Penh |
| Name of publisher, distributor, etc. | RUA |
| Date of publication, distribution, etc. | 2012 |
| 300 ## - PHYSICAL DESCRIPTION | |
| Extent | xi, 41p. |
| Other physical details | ill. |
| Dimensions | 29cm. |
| 942 ## - ADDED ENTRY ELEMENTS (KOHA) | |
| Source of classification or shelving scheme | |
| Koha item type | AGR |
| Price effective from | Date last seen | Permanent Location | Not for loan | Date acquired | Source of classification or shelving scheme | Koha item type | Lost status | Withdrawn status | Date last checked out | Total Checkouts | Shelving location | Damaged status | Barcode | Current Location | Full call number |
|---|---|---|---|---|---|---|---|---|---|---|---|---|---|---|---|
| 2015-09-28 | 2015-09-28 | Library Block B | 2015-09-28 | AGR | B053 | RUA005825 | Library Block B | AGR PIC 2012 B053 Or.1 | |||||||
| 2015-09-28 | 2015-09-28 | Library Block B | 2015-09-28 | AGR | B053 | RUA006676 | Library Block B | AGR PIC 2012 B053 Or.2 | |||||||
| 2015-09-28 | 2020-06-12 | Library Block B | 2015-09-28 | AGR | 2020-05-29 | 1 | B053 | RUA006734 | Library Block B | AGR PIC 2012 B053 Or.3 | |||||
| 2015-09-28 | 2018-01-27 | Library Block B | 2015-09-28 | AGR | 2018-01-12 | 2 | B053 | RUA006662 | Library Block B | AGR PIC 2012 B053 Or.4 | |||||
| 2015-09-28 | 2015-09-28 | Library Block B | 2015-09-28 | AGR | B053 | RUA006737 | Library Block B | AGR PIC 2012 B053 Or.5 | |||||||
| 2015-09-28 | 2015-09-28 | Library Block B | 2015-09-28 | AGR | B053 | RUA006663 | Library Block B | AGR PIC 2012 B053 Or.6 | |||||||
| 2015-09-28 | 2024-08-15 | Library Block B | 2015-09-28 | AGR | 2024-07-03 | 1 | B053 | RUA006664 | Library Block B | AGR PIC 2012 B053 Or.7 | |||||
| 2015-09-28 | 2018-02-07 | Library Block B | 2015-09-28 | AGR | 2018-01-27 | 1 | B053 | RUA006665 | Library Block B | AGR PIC 2012 B053 Or.8 |